[Event "HUN-ch Rapid 2019"]
[Site "Ajka"]
[Date "2019.07.20"]
[Round "7.4"]
[White "Mihok, Oliver"]
[Black "Ruck, Robert"]
[Result "1-0"]
[WhiteElo "2550"]
[BlackElo "2524"]
[Annotator "ChessBase"]
[PlyCount "83"]
[EventDate "2019.07.18"]
[EventType "swiss"]
[EventCountry "HUN"]
[SourceTitle "playchess.com"]
[Source "ChessBase"]
[SourceQuality "1"]
[TimeControl "1200+5"]

1. e4 {[%emt 0:00:02]} c6 {[%emt 0:00:06]} 2. d4 {[%emt 0:00:02]} d5 {[%emt 0:00:01]} 3. Nd2 {[%emt 0:00:01]} dxe4 {[%emt 0:00:03]} 4. Nxe4 {[%emt 0:00:01]} Bf5 {[%emt 0:00:02]} 5. Ng3 {[%emt 0:00:01]} Bg6 {[%emt 0:00:01]} 6. Bc4 {[%emt 0:00:01]} e6 {[%emt 0:00:07]} 7. N1e2 {[%emt 0:00:02]} Bd6 {[%emt 0:00:38]} 8. h4 {[%emt 0:00:01]} h6 {[%emt 0:00:05]} 9. Nf4 {[%emt 0:00:02]} Bxf4 {[%emt 0:00:14]} 10. Bxf4 {[%emt 0:00:01]} Nf6 {[%emt 0:00:02]} 11. Qe2 {[%emt 0:00:02]} Nbd7 {[%emt 0:01:12]} 12. h5 {[%emt 0:00:10]} Bh7 {[%emt 0:00:03]} 13. O-O-O {[%emt 0:00:17]} O-O {[%emt 0:01:16]} 14. Bd3 {[%emt 0:00:11]} Bxd3 {[%emt 0:00:10]} 15. Rxd3 {[%emt 0:00:04]} Qa5 {[%emt 0:00:04]} 16. Kb1 {[%emt 0:00:21]} c5 {[%emt 0:00:20]} 17. Ne4 {[%emt 0:02:51]} cxd4 {[%emt 0:02:49]} 18. Nxf6+ {[%emt 0:00:34]} Nxf6 {[%emt 0:00:09]} 19. Be5 {[%emt 0:00:24]} Rfd8 {[%emt 0:01:50]} 20. Bxd4 {[%emt 0:01:26]} Rd5 {[%emt 0:00:48]} 21. Bxf6 {[%emt 0:01:16]} gxf6 {[%emt 0:00:31]} 22. Qg4+ {[%emt 0:01:34]} Kf8 {[%emt 0:04:45]} 23. Rxd5 {[%emt 0:03:23]} Qxd5 {[%emt 0:00:06]} 24. Rd1 {[%emt 0:00:03]} Qe5 {[%emt 0:03:38]} 25. a3 {[%emt 0:00:58]} Rc8 {[%emt 0:00:39]} 26. Qb4+ {[%emt 0:00:15]} Kg7 {[%emt 0:00:19]} 27. Rd7 {[%emt 0:01:28]} a5 {[%emt 0:01:12]} 28. Qxb7 {[%emt 0:00:40]} Rf8 {[%emt 0:00:05]} 29. Qf3 {[%emt 0:00:57]} Rb8 {[%emt 0:00:33]} 30. Qg4+ {[%emt 0:00:55]} Kf8 {[%emt 0:00:10]} 31. Qd4 {[%emt 0:00:04]} Qb5 {[%emt 0:00:31]} 32. Rc7 {[%emt 0:01:34]} Kg7 {[%emt 0:00:04]} 33. Rc5 {[%emt 0:00:30]} Qf1+ {[%emt 0:00:05]} 34. Ka2 {[%emt 0:00:01]} Qxg2 {[%emt 0:00:06]} 35. Rxa5 {[%emt 0:00:37]} e5 {[%emt 0:00:01]} 36. Rxe5 {[%emt 0:00:35]} fxe5 {[%emt 0:00:09]} 37. Qxe5+ {[%emt 0:00:02]} Kh7 {[%emt 0:00:05]} 38. Qxb8 {[%emt 0:00:03]} Qxf2 {[%emt 0:00:01]} 39. Qc7 {[%emt 0:00:15]} Kg8 {[%emt 0:00:07]} 40. a4 {[%emt 0:00:09]} f5 {[%emt 0:00:02]} 41. a5 {[%emt 0:00:10]} Qe2 {[%emt 0:00:02]} 42. Qc8+ {[%emt 0:00:04]} 1-0

[Event "HUN-ch Rapid 2019"]
[Site "Ajka"]
[Date "2019.07.20"]
[Round "7.5"]
[White "Balog, Imre"]
[Black "Hoang, Thanh Trang"]
[Result "1-0"]
[WhiteElo "2566"]
[BlackElo "2414"]
[Annotator "ChessBase"]
[PlyCount "101"]
[EventDate "2019.07.18"]
[EventType "swiss"]
[EventCountry "HUN"]
[SourceTitle "playchess.com"]
[Source "ChessBase"]
[SourceQuality "1"]
[TimeControl "1200+5"]

1. c4 {[%emt 0:00:05]} f5 {[%emt 0:00:05]} 2. g3 {[%emt 0:00:01]} Nf6 {[%emt 0:00:05]} 3. Bg2 {[%emt 0:00:01]} g6 {[%emt 0:00:09]} 4. Nc3 {[%emt 0:00:02]} Bg7 {[%emt 0:00:03]} 5. d3 {[%emt 0:00:01]} d6 {[%emt 0:00:23]} 6. e4 {[%emt 0:00:02]} Nc6 {[%emt 0:00:09]} 7. Nge2 {[%emt 0:00:02]} e5 {[%emt 0:00:13]} 8. O-O {[%emt 0:00:09]} O-O {[%emt 0:00:08]} 9. h3 {[%emt 0:00:04]} Be6 {[%emt 0:00:24]} 10. Nd5 {[%emt 0:00:29]} Qd7 {[%emt 0:00:16]} 11. Kh2 {[%emt 0:00:02]} Rf7 {[%emt 0:01:00]} 12. Be3 {[%emt 0:00:10]} Raf8 {[%emt 0:00:49]} 13. Qd2 {[%emt 0:00:03]} Nh5 {[%emt 0:00:50]} 14. exf5 {[%emt 0:00:12]} gxf5 {[%emt 0:00:51]} 15. f4 {[%emt 0:00:05]} Kh8 {[%emt 0:00:29]} 16. Rae1 {[%emt 0:02:11]} a6 {[%emt 0:00:14]} 17. Qd1 {[%emt 0:00:31]} Nf6 {[%emt 0:00:57]} 18. d4 {[%emt 0:00:33]} Ne4 {[%emt 0:01:03]} 19. dxe5 {[%emt 0:01:48]} dxe5 {[%emt 0:00:11]} 20. fxe5 {[%emt 0:00:19]} Nxe5 {[%emt 0:00:20]} 21. b3 {[%emt 0:00:06]} Bxd5 {[%emt 0:01:35]} 22. cxd5 {[%emt 0:00:12]} Ng6 {[%emt 0:00:27]} 23. Bd4 {[%emt 0:00:12]} Rd8 {[%emt 0:01:15]} 24. Bxg7+ {[%emt 0:01:20]} Rxg7 {[%emt 0:00:12]} 25. Bxe4 {[%emt 0:00:01]} fxe4 {[%emt 0:00:03]} 26. Nc3 {[%emt 0:00:04]} Ne7 {[%emt 0:03:14]} 27. Rxe4 {[%emt 0:00:02]} Qd6 {[%emt 0:00:57]} 28. Re3 {[%emt 0:02:54]} c6 {[%emt 0:03:49]} 29. dxc6 {[%emt 0:01:01]} Nxc6 {[%emt 0:00:47]} 30. Re8+ {[%emt 0:01:00]} Rg8 {[%emt 0:00:01]} 31. Rxg8+ {[%emt 0:00:01]} Kxg8 {[%emt 0:00:01]} 32. Qg4+ {[%emt 0:00:02]} Qg6 {[%emt 0:00:18]} 33. Qc4+ {[%emt 0:00:01]} Kh8 {[%emt 0:00:09]} 34. Rf2 {[%emt 0:00:26]} Qg7 {[%emt 0:00:16]} 35. Ne4 {[%emt 0:00:20]} Ne5 {[%emt 0:00:10]} 36. Qe6 {[%emt 0:00:15]} Ng6 {[%emt 0:00:21]} 37. h4 {[%emt 0:01:42]} Qe5 {[%emt 0:00:07]} 38. Ng5 {[%emt 0:00:26]} Qxe6 {[%emt 0:00:08]} 39. Nxe6 {[%emt 0:00:01]} Rd6 {[%emt 0:00:06]} 40. Nc5 {[%emt 0:00:11]} b5 {[%emt 0:00:09]} 41. Kh3 {[%emt 0:00:14]} Ne5 {[%emt 0:00:04]} 42. Rf5 {[%emt 0:00:10]} Nd3 {[%emt 0:00:08]} 43. Ne4 {[%emt 0:00:06]} Rg6 {[%emt 0:00:11]} 44. h5 {[%emt 0:00:14]} Rg8 {[%emt 0:00:00]} 45. g4 {[%emt 0:00:06]} Nb4 {[%emt 0:00:04]} 46. h6 {[%emt 0:00:07]} Nxa2 {[%emt 0:00:05]} 47. Rf7 {[%emt 0:00:01]} Rg6 {[%emt 0:00:11]} 48. g5 {[%emt 0:00:01]} Kg8 {[%emt 0:00:15]} 49. Ra7 {[%emt 0:00:01]} Kf8 {[%emt 0:00:12]} 50. Rxh7 {[%emt 0:00:06]} Nb4 {[%emt 0:00:03]} 51. Rd7 {[%emt 0:00:09]} 1-0

[Event "HUN-ch Rapid 2019"]
[Site "Ajka"]
[Date "2019.07.20"]
[Round "7.6"]
[White "Papp, Gabor"]
[Black "Jakab, Attila"]
[Result "1-0"]
[WhiteElo "2587"]
[BlackElo "2377"]
[Annotator "ChessBase"]
[PlyCount "93"]
[EventDate "2019.07.18"]
[EventType "swiss"]
[EventCountry "HUN"]
[SourceTitle "playchess.com"]
[Source "ChessBase"]
[SourceQuality "1"]
[TimeControl "1200+5"]

1. e4 {[%emt 0:00:02]} e6 {[%emt 0:00:03]} 2. d4 {[%emt 0:00:02]} d5 {[%emt 0:00:03]} 3. Nd2 {[%emt 0:00:01]} dxe4 {[%emt 0:00:02]} 4. Nxe4 {[%emt 0:00:02]} Nd7 {[%emt 0:00:02]} 5. Nf3 {[%emt 0:00:03]} Ngf6 {[%emt 0:00:02]} 6. Nxf6+ {[%emt 0:00:02]} Nxf6 {[%emt 0:00:01]} 7. c3 {[%emt 0:00:06]} Be7 {[%emt 0:00:03]} 8. Ne5 {[%emt 0:00:42]} O-O {[%emt 0:00:19]} 9. Be3 {[%emt 0:00:21]} Nd7 {[%emt 0:00:18]} 10. Be2 {[%emt 0:00:20]} Nxe5 {[%emt 0:07:59]} 11. dxe5 {[%emt 0:00:02]} b6 {[%emt 0:00:01]} 12. Bf3 {[%emt 0:00:33]} Rb8 {[%emt 0:00:02]} 13. Qa4 {[%emt 0:00:51]} Bb7 {[%emt 0:00:51]} 14. Bxb7 {[%emt 0:00:28]} Rxb7 {[%emt 0:00:01]} 15. Rd1 {[%emt 0:00:03]} Qe8 {[%emt 0:00:23]} 16. Qd7 {[%emt 0:02:08]} h6 {[%emt 0:00:56]} 17. Ke2 {[%emt 0:00:15]} Qxd7 {[%emt 0:00:17]} 18. Rxd7 {[%emt 0:00:02]} Rd8 {[%emt 0:00:09]} 19. Rxd8+ {[%emt 0:02:03]} Bxd8 {[%emt 0:00:00]} 20. Rd1 {[%emt 0:00:02]} Be7 {[%emt 0:00:12]} 21. g4 {[%emt 0:00:17]} Kf8 {[%emt 0:00:07]} 22. f4 {[%emt 0:00:02]} Ke8 {[%emt 0:00:09]} 23. Kf3 {[%emt 0:01:00]} c6 {[%emt 0:00:03]} 24. Ke4 {[%emt 0:00:01]} Rd7 {[%emt 0:00:38]} 25. Rf1 {[%emt 0:00:11]} Bd8 {[%emt 0:02:26]} 26. a4 {[%emt 0:00:36]} b5 {[%emt 0:01:01]} 27. axb5 {[%emt 0:00:42]} cxb5 {[%emt 0:00:01]} 28. f5 {[%emt 0:00:19]} Bg5 {[%emt 0:00:49]} 29. Bd4 {[%emt 0:00:07]} a5 {[%emt 0:00:10]} 30. f6 {[%emt 0:01:29]} gxf6 {[%emt 0:00:35]} 31. exf6 {[%emt 0:00:02]} a4 {[%emt 0:00:20]} 32. Rh1 {[%emt 0:01:05]} Bh4 {[%emt 0:00:22]} 33. Ra1 {[%emt 0:00:11]} Rc7 {[%emt 0:01:13]} 34. b3 {[%emt 0:00:18]} axb3 {[%emt 0:00:04]} 35. Rb1 {[%emt 0:00:01]} Rd7 {[%emt 0:00:34]} 36. Rxb3 {[%emt 0:00:07]} Rd5 {[%emt 0:00:01]} 37. Ra3 {[%emt 0:00:20]} Bg5 {[%emt 0:00:44]} 38. Ra6 {[%emt 0:01:01]} Bc1 {[%emt 0:01:04]} 39. h4 {[%emt 0:01:19]} Bd2 {[%emt 0:00:04]} 40. Rb6 {[%emt 0:00:39]} Be1 {[%emt 0:00:02]} 41. h5 {[%emt 0:00:35]} Bg3 {[%emt 0:00:48]} 42. Rb7 {[%emt 0:00:22]} Bh2 {[%emt 0:00:02]} 43. Re7+ {[%emt 0:00:39]} Kf8 {[%emt 0:00:01]} 44. Be3 {[%emt 0:00:08]} Be5 {[%emt 0:00:14]} 45. Bxh6+ Kg8 46. Re8+ {[%emt 0:00:22]} Kh7 {[%emt 0:00:02]} 47. Bg7 {[%emt 0:00:01]} 1-0

[Event "HUN-ch Rapid 2019"]
[Site "Ajka"]
[Date "2019.07.20"]
[Round "7.7"]
[White "Egresi, Mate"]
[Black "Hera, Imre Jr."]
[Result "0-1"]
[WhiteElo "2341"]
[BlackElo "2610"]
[Annotator "TA"]
[PlyCount "90"]
[EventDate "2019.07.18"]
[EventType "swiss"]
[EventCountry "HUN"]
[SourceTitle "playchess.com"]
[Source "ChessBase"]
[SourceQuality "1"]

{[%evp 11,90,31,31,29,29,25,27,29,29,22,27,26,22,39,50,35,34,22,28,22,20,15,17,13,6,18,33,-58,-43,-83,-83,-77,-76,-79,-43,-40,-39,-104,-109,-117,-103,-107,-77,-68,0,-88,-105,-105,-103,-99,-97,-114,-77,-97,-98,-163,-160,-299,-293,-284,-233,-396,-376,-395,-385,-467,-408,-528,-527,-588,-479,-458,-473,-663,-656,-927,-927,-859,-827,-29975,-29976]} 1. d4 d5 2. c4 dxc4 3. e3 e5 4. Bxc4 exd4 5. exd4 Bd6 6. Nf3 Nf6 7. Qe2+ {D20: Queen's Gambit Accepted: 3 e3 and 3 e4} Qe7 8. Qxe7+ Bxe7 9. Nc3 {[%cal Bb1c3,Bc3b5,Bb5c7][%mdl 32] White has an edge.} (9. O-O O-O 10. Re1 Bd6 11. Nc3 a6 12. Bg5 Nbd7 13. a4 h6 14. Bh4 g5 15. Bg3 Kg7 16. Bb3 Re8 17. Ne5 Re7 {½-½ (17) Li,C (2724)-Alekseenko,K (2625) Qinhuangdao 2018}) 9... O-O 10. O-O Nbd7 11. Bf4 Nb6 12. Bb3 Bd6 13. Bxd6 $146 ({Predecessor:} 13. Be5 Bf5 14. Rfe1 Rad8 {1-0 (43) Buckels,V (2309)-Hobusch,J (2257) Germany 2017}) 13... cxd6 14. Nb5 Rd8 15. Rac1 a6 16. Nc7 Rb8 17. Ng5 d5 18. Rfe1 Bg4 19. a4 ({White should try} 19. h3 $14 Bh5 20. g4) 19... h6 $15 20. a5 {[#]} Nc4 $1 {[%mdl 512]} 21. Bxc4 dxc4 ({And not} 21... hxg5 22. Bb3 $16) 22. Ne4 Rxd4 23. Nxf6+ gxf6 24. Re8+ (24. Ne8 $15) 24... Rxe8 $17 25. Nxe8 {[%mdl 4096] Endgame KRB-KRN} Be2 26. f3 Rd2 27. Nxf6+ Kg7 (27... Kf8 $15) 28. Ne4 (28. Nh5+ $11 Kf8 29. Nf4) 28... Rxb2 29. Nd6 b5 {Hoping for ...Kf6.} 30. axb6 Rxb6 31. Nf5+ Kg6 32. Ne7+ Kg5 33. f4+ (33. Nd5 $17 {keeps fighting.} Rb2 34. Kf2) 33... Kg4 $19 34. Kf2 (34. Nd5 $17 {was the only defense.} Re6 35. Kf2) 34... Rb2 35. Ke3 Bd3 {White must now prevent ...Re2+.} 36. Ng8 $2 (36. Nc6 Re2+ 37. Kd4) 36... Re2+ 37. Kd4 Re6 38. g3 Bh7 39. h3+ Kxg3 40. Rg1+ Kxf4 41. Kxc4 h5 42. Rg7 (42. Kd4 $142 a5 43. h4) 42... Bg6 43. Nh6 Kg5 44. Nxf7+ Kf6 {[%mdl 64] [#] Double Attack} 45. Nd8 Re4+ {Accuracy: White = 38%, Black = 76%.} 0-1

[Event "HUN-ch Rapid 2019"]
[Site "Ajka"]
[Date "2019.07.20"]
[Round "7.8"]
[White "Prohaszka, Peter"]
[Black "Emodi, Barnabas"]
[Result "1-0"]
[WhiteElo "2598"]
[BlackElo "2365"]
[Annotator "ChessBase"]
[PlyCount "99"]
[EventDate "2019.07.18"]
[EventType "swiss"]
[EventCountry "HUN"]
[SourceTitle "playchess.com"]
[Source "ChessBase"]
[SourceQuality "1"]
[TimeControl "1200+5"]

1. d4 {[%emt 0:00:01]} Nf6 {[%emt 0:00:03]} 2. c4 {[%emt 0:00:02]} g6 {[%emt 0:00:05]} 3. g3 {[%emt 0:00:03]} Bg7 {[%emt 0:00:13]} 4. Bg2 {[%emt 0:00:01]} d5 {[%emt 0:00:19]} 5. Nf3 {[%emt 0:00:47]} O-O {[%emt 0:00:08]} 6. O-O {[%emt 0:00:02]} Nc6 {[%emt 0:00:29]} 7. Nbd2 {[%emt 0:01:07]} dxc4 {[%emt 0:01:19]} 8. Nxc4 {[%emt 0:00:02]} Be6 {[%emt 0:00:07]} 9. b3 {[%emt 0:00:10]} Bd5 {[%emt 0:00:31]} 10. e3 {[%emt 0:00:29]} b5 {[%emt 0:01:01]} 11. Ncd2 {[%emt 0:01:09]} Ne4 {[%emt 0:00:39]} 12. Bb2 {[%emt 0:00:59]} a5 {[%emt 0:02:56]} 13. Nxe4 {[%emt 0:02:21]} Bxe4 {[%emt 0:00:04]} 14. Ne1 {[%emt 0:00:04]} Bxg2 {[%emt 0:00:35]} 15. Nxg2 {[%emt 0:00:02]} a4 {[%emt 0:03:41]} 16. Rc1 {[%emt 0:00:01]} Nb4 {[%emt 0:00:24]} 17. a3 {[%emt 0:00:53]} Nd5 {[%emt 0:00:20]} 18. b4 {[%emt 0:02:05]} Nb6 {[%emt 0:00:30]} 19. Qe2 {[%emt 0:00:01]} Nc4 {[%emt 0:00:18]} 20. Rfd1 {[%emt 0:00:02]} Qd7 {[%emt 0:00:25]} 21. Nf4 {[%emt 0:02:30]} Rfd8 {[%emt 0:00:48]} 22. Nd3 {[%emt 0:00:17]} h5 {[%emt 0:01:28]} 23. h4 {[%emt 0:00:02]} e6 {[%emt 0:00:33]} 24. Rc2 {[%emt 0:01:43]} e5 {[%emt 0:01:29]} 25. dxe5 {[%emt 0:02:58]} Bxe5 {[%emt 0:00:59]} 26. Bc1 {[%emt 0:01:39]} Qe6 {[%emt 0:01:00]} 27. Nc5 {[%emt 0:00:34]} Qh3 {[%emt 0:00:02]} 28. Qf3 {[%emt 0:00:59]} Rxd1+ {[%emt 0:00:10]} 29. Qxd1 {[%emt 0:00:01]} Bd6 {[%emt 0:00:21]} 30. Nxa4 {[%emt 0:00:30]} Ne5 {[%emt 0:00:11]} 31. Nc3 {[%emt 0:00:11]} Ng4 {[%emt 0:00:27]} 32. Qf3 {[%emt 0:00:02]} Rd8 {[%emt 0:00:08]} 33. Qg2 {[%emt 0:00:06]} Qxg2+ {[%emt 0:00:06]} 34. Kxg2 {[%emt 0:00:01]} c6 {[%emt 0:00:05]} 35. Ne4 {[%emt 0:00:01]} f5 {[%emt 0:00:04]} 36. Ng5 {[%emt 0:00:18]} Ne5 {[%emt 0:00:02]} 37. Nf3 {[%emt 0:00:10]} Nc4 {[%emt 0:00:04]} 38. Nd2 {[%emt 0:00:05]} Ne5 {[%emt 0:00:04]} 39. Kf1 {[%emt 0:00:12]} Rc8 {[%emt 0:00:05]} 40. Ke2 {[%emt 0:00:02]} Kf7 {[%emt 0:00:02]} 41. Bb2 {[%emt 0:00:01]} Nd7 {[%emt 0:00:04]} 42. Nb3 {[%emt 0:00:02]} Rc7 {[%emt 0:00:09]} 43. Bd4 {[%emt 0:00:03]} Ke6 {[%emt 0:00:03]} 44. Nc5+ {[%emt 0:00:27]} Bxc5 {[%emt 0:00:06]} 45. Bxc5 {[%emt 0:00:01]} Ne5 {[%emt 0:00:04]} 46. a4 {[%emt 0:00:10]} bxa4 {[%emt 0:00:03]} 47. Ra2 {[%emt 0:00:00]} Kd5 {[%emt 0:00:08]} 48. Rxa4 {[%emt 0:00:03]} Kc4 {[%emt 0:00:03]} 49. Bd6 {[%emt 0:00:05]} Kb3 {[%emt 0:00:08]} 50. Bxc7 {[%emt 0:00:05]} 1-0

[Event "HUN-ch Rapid 2019"]
[Site "Ajka"]
[Date "2019.07.20"]
[Round "7.9"]
[White "Czebe, Attila"]
[Black "Bohus, Adam"]
[Result "1-0"]
[WhiteElo "2436"]
[BlackElo "2219"]
[Annotator "TA"]
[PlyCount "69"]
[EventDate "2019.07.18"]
[EventType "swiss"]
[EventCountry "HUN"]
[SourceTitle "playchess.com"]
[Source "ChessBase"]
[SourceQuality "1"]

{[%evp 15,69,28,25,0,27,22,21,29,34,0,0,0,45,45,58,24,28,-39,-49,-53,-22,-18,-18,-3,-6,-8,0,0,0,-24,0,-12,0,-13,22,33,22,27,22,16,29,19,59,54,112,70,160,127,329,226,227,225,214,200,818,781]} 1. Nf3 d5 2. g3 Nf6 3. Bg2 c6 4. c4 Bf5 5. O-O e6 6. d3 h6 7. cxd5 exd5 8. Nc3 Be7 9. Qb3 {A11: English Opening: 1...c6} Qb6 10. Qc2 O-O 11. e4 {The position is equal.} Bh7 12. Re1 Na6 13. a3 {[#] Hoping for exd5.} Rfe8 $146 ({Predecessor:} 13... dxe4 14. dxe4 Nc5 15. b4 Ncxe4 16. Nxe4 Nxe4 17. Rxe4 {½-½ (30) Edouard,R (2635)-Korneev,O (2581) Monzon 2016}) 14. Be3 Qd8 15. b4 Nc7 16. Bc5 ({White should play} 16. Rad1 $11) 16... Bxc5 $15 17. bxc5 dxe4 18. Nxe4 Nxe4 19. dxe4 Ne6 20. Qc3 Qe7 21. Rac1 Rad8 22. h3 Nc7 23. Qa5 Ne6 24. Re3 Qc7 25. Qxa7 Ra8 26. Qb6 Qxb6 27. cxb6 Ra6 28. Rb1 Rea8 29. Ne5 Nd4 (29... g5 $14) 30. Rd3 c5 (30... Rd8 $1 $14) 31. Nd7 $36 {[%mdl 2048] White is really pushing.} Ne2+ $2 (31... Ra5 $16) 32. Kf1 c4 33. Re3 Nd4 {[#]} 34. Rc3 $1 Nb5 $2 (34... Ne6 35. Rxc4 Rxa3) 35. Rxb5 {Accuracy: White = 50%, Black = 36%.} 1-0

[Event "HUN-ch Rapid 2019"]
[Site "Ajka"]
[Date "2019.07.20"]
[Round "7.10"]
[White "Horvath, Peter"]
[Black "Nagy, Bence"]
[Result "1-0"]
[WhiteElo "2418"]
[BlackElo "2352"]
[Annotator "NA RC"]
[PlyCount "41"]
[EventDate "2019.07.18"]
[EventType "swiss"]
[EventCountry "HUN"]
[SourceTitle "playchess.com"]
[Source "ChessBase"]
[SourceQuality "1"]
[TimeControl "1200+5"]

1. d4 {[%emt 0:00:02]} Nf6 {[%emt 0:00:02]} 2. Nf3 {[%emt 0:00:04]} g6 {[%emt 0:00:03]} 3. c4 {[%emt 0:00:05]} Bg7 {[%emt 0:00:03]} 4. Nc3 {[%emt 0:00:07]} d5 {[%emt 0:00:03]} 5. cxd5 {[%emt 0:00:03]} Nxd5 {[%emt 0:00:04]} 6. Bd2 {[%emt 0:00:09]} O-O {[%emt 0:00:34]} 7. e4 {[%emt 0:00:03]} Nb6 {[%emt 0:00:03]} 8. Be3 {[%emt 0:00:14]} Bg4 {[%emt 0:01:07]} 9. e5 {[%emt 0:00:33]} c5 {[%emt 0:01:33]} 10. dxc5 {[%emt 0:01:54]} N6d7 {[%emt 0:00:03]} 11. Be2 {[%emt 0:03:45]} Nc6 {[%emt 0:00:25]} 12. e6 {[%emt 0:00:44]} Bxc3+ {[%emt 0:03:28]} 13. bxc3 {[%emt 0:00:05]} fxe6 {[%emt 0:01:40]} 14. O-O {[%emt 0:01:29]} Nde5 {[%emt 0:01:01]} 15. Nd4 {[%emt 0:02:25]} Bxe2 {[%emt 0:00:15]} 16. Qxe2 {[%emt 0:00:02]} Qd5 {[%emt 0:03:51]} 17. Rad1 {[%emt 0:00:13]} Nxd4 {[%emt 0:01:56]} 18. Bxd4 {[%emt 0:00:55]} Rf5 {[%emt 0:00:01]} 19. Rfe1 {[%emt 0:01:25]} Rg5 {[%emt 0:00:01]} 20. f4 {[%emt 0:01:42]} Nf3+ {[%emt 0:02:35]} 21. Kh1 1-0

[Event "HUN-ch Rapid 2019"]
[Site "Ajka"]
[Date "2019.07.20"]
[Round "7.11"]
[White "Videki, Sandor"]
[Black "Haszon, David"]
[Result "1-0"]
[WhiteElo "2401"]
[BlackElo "2279"]
[Annotator "NA"]
[PlyCount "81"]
[EventDate "2019.07.18"]
[EventType "swiss"]
[EventCountry "HUN"]
[SourceTitle "playchess.com"]
[Source "ChessBase"]
[SourceQuality "1"]
[TimeControl "1200+5"]

1. c4 {[%emt 0:00:03]} Nf6 {[%emt 0:00:02]} 2. Nc3 {[%emt 0:00:01]} d6 {[%emt 0:00:13]} 3. d4 {[%emt 0:00:17]} Nbd7 {[%emt 0:00:21]} 4. e4 {[%emt 0:00:22]} e5 {[%emt 0:00:06]} 5. Nf3 {[%emt 0:00:02]} Be7 {[%emt 0:00:08]} 6. Be2 {[%emt 0:00:07]} O-O {[%emt 0:00:06]} 7. O-O {[%emt 0:00:03]} c6 {[%emt 0:00:04]} 8. Re1 {[%emt 0:00:07]} Qc7 {[%emt 0:00:15]} 9. Bf1 {[%emt 0:00:37]} a6 {[%emt 0:00:26]} 10. d5 {[%emt 0:00:42]} Re8 {[%emt 0:01:04]} 11. h3 {[%emt 0:00:14]} Nf8 {[%emt 0:00:20]} 12. Be3 {[%emt 0:00:24]} h6 {[%emt 0:01:06]} 13. b4 {[%emt 0:00:28]} Bd7 {[%emt 0:00:44]} 14. a4 {[%emt 0:02:11]} a5 {[%emt 0:00:32]} 15. bxa5 {[%emt 0:00:58]} Qxa5 {[%emt 0:01:16]} 16. Qb3 {[%emt 0:00:15]} c5 {[%emt 0:01:21]} 17. Reb1 {[%emt 0:01:00]} Ra7 {[%emt 0:00:25]} 18. Qc2 {[%emt 0:00:15]} Rea8 {[%emt 0:00:20]} 19. Nb5 {[%emt 0:00:18]} Bxb5 {[%emt 0:00:07]} 20. cxb5 {[%emt 0:00:16]} Qb6 {[%emt 0:01:35]} 21. Bd2 {[%emt 0:00:54]} Rb8 {[%emt 0:00:46]} 22. Bc3 {[%emt 0:01:34]} Qd8 {[%emt 0:00:22]} 23. a5 {[%emt 0:00:09]} Ng6 {[%emt 0:00:40]} 24. b6 {[%emt 0:00:38]} Raa8 {[%emt 0:00:02]} 25. Nd2 {[%emt 0:01:40]} Nh7 {[%emt 0:01:09]} 26. a6 {[%emt 0:00:49]} bxa6 {[%emt 0:00:22]} 27. b7 {[%emt 0:00:19]} Ra7 {[%emt 0:00:19]} 28. Bxa6 {[%emt 0:00:02]} Qd7 {[%emt 0:00:55]} 29. Qa4 {[%emt 0:00:58]} Nhf8 {[%emt 0:00:56]} 30. Qxd7 {[%emt 0:01:03]} Nxd7 {[%emt 0:00:02]} 31. Nc4 {[%emt 0:00:35]} Nf4 {[%emt 0:00:38]} 32. Kf1 {[%emt 0:00:47]} f5 {[%emt 0:00:25]} 33. Nb6 {[%emt 0:01:11]} Nxb6 {[%emt 0:00:59]} 34. Rxb6 {[%emt 0:00:02]} fxe4 {[%emt 0:00:20]} 35. Rab1 {[%emt 0:00:20]} Kf7 {[%emt 0:01:20]} 36. Rc6 {[%emt 0:00:07]} Nxd5 {[%emt 0:01:13]} 37. Bc4 {[%emt 0:00:06]} Raxb7 {[%emt 0:00:36]} 38. Bxd5+ {[%emt 0:00:04]} Kf6 {[%emt 0:00:13]} 39. Rxb7 {[%emt 0:00:06]} Rxb7 {[%emt 0:00:01]} 40. Rxd6+ {[%emt 0:00:13]} Bxd6 {[%emt 0:00:02]} 41. Bxb7 {[%emt 0:00:02]} 1-0

[Event "HUN-ch Rapid 2019"]
[Site "Ajka"]
[Date "2019.07.20"]
[Round "7.12"]
[White "Gelle, Istvan"]
[Black "Farago, Ivan"]
[Result "1-0"]
[WhiteElo "2325"]
[BlackElo "2350"]
[Annotator "NA"]
[PlyCount "59"]
[EventDate "2019.07.18"]
[EventType "swiss"]
[EventCountry "HUN"]
[SourceTitle "playchess.com"]
[Source "ChessBase"]
[SourceQuality "1"]
[TimeControl "1200+5"]

1. d4 {[%emt 0:00:02]} Nf6 {[%emt 0:00:02]} 2. Bf4 {[%emt 0:00:02]} e6 {[%emt 0:00:14]} 3. e3 {[%emt 0:00:02]} c5 {[%emt 0:00:10]} 4. c3 {[%emt 0:00:02]} b6 {[%emt 0:00:04]} 5. Nd2 {[%emt 0:00:06]} Bb7 {[%emt 0:00:03]} 6. Ngf3 {[%emt 0:00:02]} Be7 {[%emt 0:00:03]} 7. h3 {[%emt 0:00:05]} O-O {[%emt 0:00:12]} 8. Be2 {[%emt 0:00:02]} d6 {[%emt 0:00:20]} 9. O-O {[%emt 0:00:04]} Nbd7 {[%emt 0:00:01]} 10. a4 {[%emt 0:00:02]} a6 {[%emt 0:00:15]} 11. Bh2 {[%emt 0:00:03]} Re8 {[%emt 0:00:06]} 12. Qb3 {[%emt 0:00:56]} Bf8 {[%emt 0:00:16]} 13. Rfd1 {[%emt 0:00:16]} Qc7 {[%emt 0:00:22]} 14. Nc4 {[%emt 0:02:21]} Ne4 {[%emt 0:01:04]} 15. Bd3 {[%emt 0:00:37]} f5 {[%emt 0:01:17]} 16. Bxe4 {[%emt 0:00:26]} fxe4 {[%emt 0:00:02]} 17. Nfd2 {[%emt 0:00:05]} Bd5 {[%emt 0:00:59]} 18. dxc5 {[%emt 0:00:39]} Qxc5 {[%emt 0:00:22]} 19. Qb4 {[%emt 0:00:55]} Qxb4 {[%emt 0:00:34]} 20. cxb4 {[%emt 0:00:02]} Bxc4 {[%emt 0:00:03]} 21. Nxc4 {[%emt 0:00:01]} d5 {[%emt 0:00:02]} 22. Nd6 {[%emt 0:00:27]} Bxd6 {[%emt 0:00:52]} 23. Bxd6 {[%emt 0:00:02]} Rec8 {[%emt 0:00:11]} 24. Rac1 {[%emt 0:00:42]} b5 {[%emt 0:00:21]} 25. a5 {[%emt 0:00:50]} Kf7 {[%emt 0:00:14]} 26. Kf1 {[%emt 0:00:35]} Ke8 {[%emt 0:00:50]} 27. Ke2 {[%emt 0:00:13]} Kd8 {[%emt 0:00:01]} 28. b3 {[%emt 0:01:08]} Rxc1 {[%emt 0:00:12]} 29. Rxc1 {[%emt 0:00:02]} Rc8 {[%emt 0:00:01]} 30. Be7+ {[%emt 0:00:02] Ra8} 1-0